Readings in macroeconomics. (Record no. 13845)
[ view plain ]
| 000 -LEADER | |
|---|---|
| fixed length control field | 00336nam a22001337a 4500 |
| 082 ## - DEWEY DECIMAL CLASSIFICATION NUMBER | |
| Classification number | 339MUE. |
| 100 ## - MAIN ENTRY--PERSONAL NAME | |
| Personal name | Mueller, M.G. |
| 245 ## - TITLE STATEMENT | |
| Title | Readings in macroeconomics. |
| 260 ## - PUBLICATION, DISTRIBUTION, ETC. | |
| Place of publication, distribution, etc. | London. |
| Name of publisher, distributor, etc. | Holt, Rinehart and Winston Inc. |
| Date of publication, distribution, etc. | 1967. |
| 300 ## - PHYSICAL DESCRIPTION | |
| Extent | xiii, 402p. |
| Other physical details | ill.; 22cm. |
| 500 ## - GENERAL NOTE | |
| General note | Includes index. |
| 650 ## - SUBJECT ADDED ENTRY--TOPICAL TERM | |
| Topical term or geographic name entry element | Economics. |
| 942 ## - ADDED ENTRY ELEMENTS (KOHA) | |
| Koha item type | Books |
| Withdrawn status | Lost status | Source of classification or shelving scheme | Damaged status | Not for loan | Home library | Current library | Shelving location | Date acquired | Full call number | Barcode | Date last seen | Price effective from | Koha item type |
|---|---|---|---|---|---|---|---|---|---|---|---|---|---|
| Dewey Decimal Classification | IFM Main Campus Library | IFM Main Campus Library | 11/11/2015 | 339MUE. | 0000002765 | 11/11/2015 | 11/11/2015 | Books |
